000
00250nam a2200097Ia 4500
008
190216s9999||||xx |||||||||||||| ||und||
100
_a
Null
245
0
_a
Hindi-Raveendranath Ka Bala Sahithya
260
_b
Kerala Sasthra Sahithya Parishad
942
_c
BK
999
_c
18254
_d
18254